Retail planning policies in Western Europe /
Retail change in the European community. Retail plaaning policy in belgium. Retail planning policy in France, Germany, Greece, Republic of Ireland, Italy, the Netherlands, Portugal, Spain, the UK, Austria, Switzerland, Finland, Norway and Sweden.
Αποθηκεύτηκε σε:
| Μορφή: | Βιβλίο |
|---|---|
| Γλώσσα: | English |
| Έκδοση: |
London :
Routledge,
1995.
|
| Θέματα: | |
| Ετικέτες: |
Προσθήκη ετικέτας
Δεν υπάρχουν, Καταχωρήστε ετικέτα πρώτοι!
|
| Thư viện lưu trữ: | Mạng thư viện Đại học Đà Nẵng |
|---|
| LEADER | 01171cam a2200349 i 4500 | ||
|---|---|---|---|
| 001 | 000047857 | ||
| 003 | 7551 | ||
| 005 | 20030312142003.0 | ||
| 008 | 010326|1995 vm 000 eng | ||
| 020 | |a 0415109973 | ||
| 040 | |a IRC |c IRC |d IRC | ||
| 041 | 0 | |a eng | |
| 082 | 1 | 4 | |a 381.1094 |b Re-P |
| 245 | 0 | 0 | |a Retail planning policies in Western Europe / |c edited by Ross L. Davies. |
| 260 | |a London : |b Routledge, |c 1995. | ||
| 300 | |a xx, 298 p. : |b ill., maps ; |c 22.5cm. | ||
| 520 | 3 | |a Retail change in the European community. Retail plaaning policy in belgium. Retail planning policy in France, Germany, Greece, Republic of Ireland, Italy, the Netherlands, Portugal, Spain, the UK, Austria, Switzerland, Finland, Norway and Sweden. | |
| 630 | 0 | 4 | |a Retail trade. |
| 630 | 0 | 4 | |a Europe planning. |
| 630 | 0 | 4 | |a Government policy. |
| 650 | 0 | 4 | |a Retail trade |x Europe Planning. |
| 650 | 0 | 4 | |a Retail trade |x Government policy |z Europe. |
| OWN | |a DUT | ||
| 999 | |a From the UDN01 | ||
| TYP | |a Monograph | ||
| TYP | |a Printed language | ||
| 980 | |a Mạng thư viện Đại học Đà Nẵng | ||


